01007nac a22002651i 4500003000900000005001700009008004100026020002400067040004300091082002000134100004300154245007700197264005000274300006200324336002600386337002800412338002700440650003900467655001700506700003400523700003500557942001200592999001500604952012200619EG-ScBUE20240702114738.0240702s1982 enkaf f 000 0 eng d a0340324082 (pbk.) : aEG-ScBUEbengerdacEG-ScBUEdEG-ScBUE04a997.11bDOB2221 aDobson, Christopher, eauthor.14aThe Falklands conflict /cChristopher Dobson, John Miller, Ronald Payne. 1a[Falmouth, Cornwall] :bCoronet Books,c1982. a213 pages, [16] pages of plates :billustrations ;c18 cm 2rdacontentatextbtxt aunmediated2rdamediabn avolumebnc2rdacarrier 7aFalkland Islands War, 1982.2BUEsh vReading book1 aMiller, John,d1932-eauthor.1 aPayne, Ronald,d1926-eauthor. cBB2ddc c3597d3597 00102ddc4070aMAINbMAINc2NDd2007-04-30ePurchasel1o997.11 DOBp000039528r2025-07-15 00:00:00s2009-11-18yBB